LEADER 01054nam0-2200325---450- 001 990009187290403321 005 20100519123132.0 010 $a3-13-483603-3 035 $a000918729 035 $aFED01000918729 035 $a(Aleph)000918729FED01 035 $a000918729 100 $a20100519d1978----km-y0itay50------ba 101 0 $ager 102 $aDE 105 $aa-------001yy 200 1 $aLehrbuch der klinischen Zytodiagnostik$efür medizinisch-technische Assistentinnen, Zytologie-assistentinnen und Ärzte$fherausgegeben von Hans-Jürgen Soost$gmit Beiträgen von S. Baur...[et al.] 205 $a3. ,unveränderte Auflage 210 $aStuttgart$cGeorg Thieme Verlag$d1978 215 $aXII, 424 p.$cill.$d25 cm 610 0 $aDiagnostica 700 1$aSoost,$bHans-Jürgen$0507908 702 1$aBaur,$bSiegfried 801 0$aIT$bUNINA$gRICA$2UNIMARC 901 $aBK 912 $a990009187290403321 952 $aAUd 3B 11$b14045$fDBEC 959 $aDBEC 996 $aLehrbuch der klinischen Zytodiagnostik$9775943 997 $aUNINA LEADER 01030nam0-22003371i-450 001 990006012770403321 005 20180716090335.0 035 $a000601277 035 $aFED01000601277 035 $a(Aleph)000601277FED01 035 $a000601277 100 $a20000112d1984----km-y0itay50------ba 101 0 $ager 105 $a--------00-yy 200 1 $a<>unmittelbare Anwendbarkeit der Europaischen Menschenrechtskonvention$eein Beitrag zur Lhre der self-executing treaties$fMIRKO ROS 210 $aZurich$cSchulthess$d1984 215 $aXXVIII,, 210 p. 327 1 $aDiss. iur univ. Zurich, 1984 Summary in English 676 $a341 700 1$aRos,$bMirko$07023 801 0$aIT$bUNINA$gRICA$2UNIMARC 901 $aBK 912 $a990006012770403321 952 $aX 0 106 (38)$b119921$fFGBC 952 $aDI 5/845$b5035$fDEC 952 $aD V$fDEC 959 $aFGBC 959 $aDEC 959 $aDEC 996 $aUnmittelbare anwendbarkeit der europaischen Menschenrechtskonvention$9579461 997 $aUNINA LEADER 01008nam--2200361---450- 001 990006105880203316 005 20151215102022.0 010 $a978-88-6632-655-7 035 $a000610588 035 $aUSA01000610588 035 $a(ALEPH)000610588USA01 035 $a000610588 100 $a20151215d2015----km-y0itay50------ba 101 1 $aita$ceng 102 $aIT 105 $ay|||||||001yy 200 1 $aIn paradiso$fPeter Matthiessen$gtraduzione dall'inglese di Nello Giugliano 210 $aRoma$cE/O$d2015 215 $a202 p.$d21 cm 225 2 $aDal mondo$iUSA 410 0$12001$aDal mondo$iUSA 454 0$12001$aIn paradise$91383787 676 $a813.54 700 1$aMATTHIESSEN,$bPeter$0445421 702 1$aGIUGLIANO,$bNello 801 0$aIT$bsalbc$gISBD 912 $a990006105880203316 951 $aVII.4.A. 883$b11651 L.G.$cVII.4.$d379919 959 $aBK 969 $aUMA 979 $aANNAMARIA$b90$c20151215$lUSA01$h1020 996 $aIn paradise$91383787 997 $aUNISA